000 00397nam a2200157Ia 4500
005 20240618024904.0
008 240331s9999 xx 000 0 und d
082 _bGAN
_a891.48
100 _aGanesalingan, S
245 0 _aKadhal uravalla pagaimai uravu
_cS.Ganeshalingan
260 _aChennai
_bKumaran Publishers
_c2006
300 _a175 p .,
650 _aLove
650 _aSociety
942 _cL
999 _c3910
_d3910